<?xml version="1.0" encoding="UTF-8"?>
<record
    xmlns:xsi="http://www.w3.org/2001/XMLSchema-instance"
    xsi:schemaLocation="http://www.loc.gov/MARC21/slim http://www.loc.gov/standards/marcxml/schema/MARC21slim.xsd"
    xmlns="http://www.loc.gov/MARC21/slim">

  <leader>00680nam a22001697a 4500</leader>
  <datafield tag="999" ind1=" " ind2=" ">
    <subfield code="c">60984</subfield>
    <subfield code="d">60984</subfield>
  </datafield>
  <controlfield tag="005">20231204113955.0</controlfield>
  <controlfield tag="008">231204s1973    ru ||||| |||| 00| 0 rus d</controlfield>
  <datafield tag="041" ind1=" " ind2=" ">
    <subfield code="a">rus</subfield>
  </datafield>
  <datafield tag="080" ind1=" " ind2=" ">
    <subfield code="a">72.032(495.112) &#x411;-89</subfield>
  </datafield>
  <datafield tag="100" ind1=" " ind2=" ">
    <subfield code="a">&#x411;&#x440;&#x443;&#x43D;&#x43E;&#x432;, &#x41D;.&#x418;. </subfield>
    <subfield code="9">20563</subfield>
  </datafield>
  <datafield tag="245" ind1=" " ind2=" ">
    <subfield code="a">&#x41F;&#x430;&#x43C;&#x44F;&#x442;&#x43D;&#x438;&#x43A;&#x438; &#x410;&#x444;&#x438;&#x43D;&#x441;&#x43A;&#x43E;&#x433;&#x43E; &#x410;&#x43A;&#x440;&#x43E;&#x43F;&#x43E;&#x43B;&#x44F; :</subfield>
    <subfield code="b">&#x41F;&#x430;&#x440;&#x444;&#x435;&#x43D;&#x43E;&#x43D; &#x438; &#x42D;&#x440;&#x435;&#x445;&#x442;&#x435;&#x439;&#x43E;&#x43D; /</subfield>
    <subfield code="c">&#x41D;.&#x418;. &#x411;&#x440;&#x443;&#x43D;&#x43E;&#x432;.</subfield>
  </datafield>
  <datafield tag="264" ind1=" " ind2=" ">
    <subfield code="a">&#x41C;.: </subfield>
    <subfield code="b">&#xAB;&#x418;&#x441;&#x43A;&#x443;&#x441;&#x441;&#x442;&#x432;&#x43E;&#xBB;.</subfield>
    <subfield code="c">1973.</subfield>
  </datafield>
  <datafield tag="300" ind1=" " ind2=" ">
    <subfield code="a">174 c.:</subfield>
    <subfield code="b">&#x438;&#x43B;.;</subfield>
    <subfield code="c">22 &#x441;&#x43C;.</subfield>
  </datafield>
  <datafield tag="653" ind1=" " ind2=" ">
    <subfield code="a">&#x10D0;&#x10D7;&#x10D4;&#x10DC;&#x10D8;&#x10E1; &#x10D0;&#x10D9;&#x10E0;&#x10DD;&#x10DE;&#x10DD;&#x10DA;&#x10D8;&#x10E1;&#x10D8;&#x10E1; &#x10EB;&#x10D4;&#x10D2;&#x10DA;&#x10D4;&#x10D1;&#x10D8;</subfield>
  </datafield>
  <datafield tag="653" ind1=" " ind2=" ">
    <subfield code="a">&#x10DE;&#x10D0;&#x10E0;&#x10D7;&#x10D4;&#x10DC;&#x10DD;&#x10DC;&#x10D8; &#x10D3;&#x10D0; &#x10D4;&#x10E0;&#x10D4;&#x10EE;&#x10D7;&#x10D4;&#x10DD;&#x10DC;&#x10D8;</subfield>
  </datafield>
  <datafield tag="942" ind1=" " ind2=" ">
    <subfield code="2">udc</subfield>
    <subfield code="c">&#x1CAC;&#x1C98;&#x1C92;&#x1C9C;&#x1C98;</subfield>
  </datafield>
  <datafield tag="952" ind1=" " ind2=" ">
    <subfield code="0">0</subfield>
    <subfield code="1">0</subfield>
    <subfield code="2">udc</subfield>
    <subfield code="4">0</subfield>
    <subfield code="6">72032495112_&#x411;89</subfield>
    <subfield code="7">0</subfield>
    <subfield code="9">97240</subfield>
    <subfield code="a">CPL</subfield>
    <subfield code="b">CPL</subfield>
    <subfield code="c">GEN</subfield>
    <subfield code="d">2023-12-04</subfield>
    <subfield code="g">8.00</subfield>
    <subfield code="o">72.032(495.112) &#x411;-89</subfield>
    <subfield code="p">65505</subfield>
    <subfield code="r">2023-12-04</subfield>
    <subfield code="t">65505</subfield>
    <subfield code="u">&#x10D1;&#x10E1;&#x10E3;-&#x10E1; &#x10E1;&#x10D0;&#x10DE;&#x10D0;&#x10E2;&#x10D8;&#x10DD; &#x10D3;&#x10DD;&#x10E5;&#x10E2;&#x10DD;&#x10E0;&#x10D8;&#x10E1; &#x10D2;&#x10E3;&#x10E0;&#x10D0;&#x10DB; &#x10DA;&#x10DD;&#x10E0;&#x10D7;&#x10E5;&#x10D8;&#x10E4;&#x10D0;&#x10DC;&#x10D8;&#x10EB;&#x10D8;&#x10E1; &#x10E1;&#x10D0;&#x10E9;&#x10E3;&#x10E5;&#x10D0;&#x10E0;&#x10D8;</subfield>
    <subfield code="w">2023-12-04</subfield>
    <subfield code="y">&#x1CAC;&#x1C98;&#x1C92;&#x1C9C;&#x1C98;</subfield>
    <subfield code="z">8 &#x10DA;.</subfield>
  </datafield>
</record>
